<?xml version="1.0" encoding="UTF-8"?><?xml-stylesheet type="text/xsl" href="static/style.xsl"?><OAI-PMH xmlns="http://www.openarchives.org/OAI/2.0/" xmlns:xsi="http://www.w3.org/2001/XMLSchema-instance" xsi:schemaLocation="http://www.openarchives.org/OAI/2.0/ http://www.openarchives.org/OAI/2.0/OAI-PMH.xsd"><responseDate>2026-04-14T13:02:32Z</responseDate><request verb="GetRecord" identifier="oai:uvadoc.uva.es:10324/20003" metadataPrefix="marc">https://uvadoc.uva.es/oai/request</request><GetRecord><record><header><identifier>oai:uvadoc.uva.es:10324/20003</identifier><datestamp>2025-01-16T10:04:29Z</datestamp><setSpec>com_10324_38</setSpec><setSpec>col_10324_852</setSpec></header><metadata><record xmlns="http://www.loc.gov/MARC21/slim" xmlns:doc="http://www.lyncode.com/xoai" xmlns:xsi="http://www.w3.org/2001/XMLSchema-instance" xmlns:dcterms="http://purl.org/dc/terms/" xsi:schemaLocation="http://www.loc.gov/MARC21/slim http://www.loc.gov/standards/marcxml/schema/MARC21slim.xsd">
<leader>00925njm 22002777a 4500</leader>
<datafield tag="042" ind1=" " ind2=" ">
<subfield code="a">dc</subfield>
</datafield>
<datafield tag="720" ind1=" " ind2=" ">
<subfield code="a">Martín Goizueta, Beatriz</subfield>
<subfield code="e">author</subfield>
</datafield>
<datafield tag="260" ind1=" " ind2=" ">
<subfield code="c">2016</subfield>
</datafield>
<datafield tag="520" ind1=" " ind2=" ">
<subfield code="a">En este Trabajo de Fin de Grado se realiza una recopilación de algunos de los elementos fundamentales de la Educación Artística en Educación Infantil: se profundiza en los aspectos que ponen de relieve su importancia y se establece un esbozo de una propuesta educativa para el segundo ciclo de Educación Infantil basada en el arte. Además, este trabajo está fundamentado en dos metodologías didácticas en particular: el Aprendizaje Basado en Proyectos y la Teoría de las inteligencias múltiples. Ambas se pueden verse reflejadas en la propuesta educativa y en el marco teórico, en el que analiza las características más representativas de ambas metodologías. &#xd;
En las páginas referentes a la propuesta, se pueden encontrar un modelo del diseño de sesiones y un ejemplo de su aplicación basado en las metodologías explicadas, que se realiza en una clase concreta en la que he llevado a cabo mis prácticas.</subfield>
</datafield>
<datafield tag="024" ind2=" " ind1="8">
<subfield code="a">http://uvadoc.uva.es/handle/10324/20003</subfield>
</datafield>
<datafield ind1=" " ind2=" " tag="653">
<subfield code="a">[Pendiente de asignar]</subfield>
</datafield>
<datafield tag="245" ind1="0" ind2="0">
<subfield code="a">La Educación Artística en Educación Infantil: una Propuesta curricular fundamentada en las Inteligencias Múltiples y el Aprendizaje basado en Proyectos</subfield>
</datafield>
</record></metadata></record></GetRecord></OAI-PMH>